000 03985ncm a2200481 c 4500
003 BLK
005 20180421003834.0
008 180414b bul |a|er|||| |0| c|bulo|
010 _aNOT00003399000
040 _aBLK
041 _aBUL
_cBUL
080 _aХор детски, момчешки хорове
_b78.087.681
_x
_z78.087.681
080 _aДетски песни
_b784.67
_x
_z784.67
700 1 _aКовачева, Андриана
_eсъстав.
_9363038
139 _aДа запеем Дружно
_bД 12
245 1 0 _aДа запеем Дружно
_bРадиоконкурс за детска песен
_cсъстав. Андриана Ковачева.
257 _aBGR
260 София
_bМузика
_c1982
300 _a56 с.
_c28 см
380 _a7
505 _gЗа тригласен хор и съпровод на пиано
_rГеорги Костов; текст Асен Иванов Босев.
_tТри деца
505 _gЗа едногласен хор и съпровод на пиано
_rАлександър Недялков Текелиев; текст Йордан Александров Друмников.
_tПиленце чирика
505 _gЗа тригласен хор и съпровод на пиано
_rАлександър Недялков Текелиев; текст Атанас Звездинов.
_tПапагал
505 _gЗа двугласен хор и съпровод на пиано
_rПетър Стефанов Льондев; текст Петър Стефанов Константинов.
_tЦялотот лято е мое
505 _gЗа четиригласен хор без съпровод
_rГеорги Костов; текст Цветан Ангелов.
_tЛудешко
505 _gЗа тригласен хор, две флейти и флейта пиколо
_rПетър Ступел; текст Георги Струмски.
_tПесничка за трите чучулиги
505 _gЗа едноглас със съпровод на пиано
_rАндрей Петков Дреников; текст Златина Лазарова Билярска.
_tПесен за приятелството
505 _gЗа едноглас със съпровод на пиано
_rПетър Стефанов Льондев; текст Радой Цветков Киров.
_tВаната на Мравчо
505 _gЗа едноглас със съпровод на пиано
_rАндрей Петков Дреников; текст Жива Кюлджиева.
_tБалонче
505 _gЗа четиригласен хор със съпровод на пиано
_rПетър Стефанов Льондев; текст Лиана Георгиева Даскалова.
_tПтичи песни
505 _gЗа едногласен хор със съпровод на пиано
_rБенцион Нисим Елиезер; текст Иван Николов.
_tПесен на подсказвача
505 _gЗа тригласен хор и съпровод на пиано
_rПетър Ступел; текст Петя Петкова Йорданова.
_tЗдравей, здравей, софийска асамблея
505 _gЗа тригласен хор и съпровод на пиано
_rАлександър Йосифов; текст Александър Михайлов.
_tБългария се ражда
505 _gЗа едногласен хор и съпровод на пиано
_rПетър Стефанов Льондев; текст Мария Йосифова.
_tПразнична торта
650 4 _aХор - детски
_9314384
653 _aдетски хорове
653 _aдетски песни
852 _aЦб М ІІ 8678
_p14
856 4 _qpdf
_u
856 4 _qpdf
_u
942 _cNOT
_n0
944 _aCR
_c16.10.2014
_kИрена_Линкова
944 _aED
_c07.03.2016
_kИрена_Линкова
999 _c318493
_d318493